<?xml version="1.0" encoding="UTF-8"?>
<collection xmlns="http://www.loc.gov/MARC21/slim">
 <record>
  <leader>01616aam a22002418a 4500</leader>
  <controlfield tag="001">NCT_6298</controlfield>
  <controlfield tag="008">101019s2010                  ||||||viesd</controlfield>
  <datafield tag="999" ind1=" " ind2=" ">
   <subfield code="c">322</subfield>
   <subfield code="d">322</subfield>
  </datafield>
  <datafield tag="020" ind1=" " ind2=" ">
   <subfield code="c">90000</subfield>
  </datafield>
  <datafield tag="082" ind1="0" ind2="4">
   <subfield code="2">23rd ed.</subfield>
   <subfield code="a">621.43</subfield>
   <subfield code="b">D513</subfield>
  </datafield>
  <datafield tag="100" ind1="1" ind2=" ">
   <subfield code="a">Đỗ Dũng</subfield>
  </datafield>
  <datafield tag="245" ind1="1" ind2="0">
   <subfield code="a">Sửa chữa - Bảo trì động cơ Diesel</subfield>
   <subfield code="c">Đỗ Dũng, Trần Thế San</subfield>
  </datafield>
  <datafield tag="260" ind1=" " ind2=" ">
   <subfield code="a">H.</subfield>
   <subfield code="b">Khoa học và Kỹ thuật</subfield>
   <subfield code="c">2010</subfield>
  </datafield>
  <datafield tag="300" ind1=" " ind2=" ">
   <subfield code="a">480tr.</subfield>
   <subfield code="b">minh hoạ</subfield>
   <subfield code="c">27cm</subfield>
  </datafield>
  <datafield tag="520" ind1="3" ind2=" ">
   <subfield code="a">Nội dung tài liệu giới thiệu tổng quát về động cơ Diesel. Hướng dẫn thực hiện quy trình tháo, lắp, bảo dưỡng, chẩn đoán, sửa chữa và điều chỉnh các bộ phận của động cơ, các hệ thống động cơ Diesel, hệ thống phun nhiên liệu, các hệ thống điện và quá trình tinh chỉnh cuối cùng</subfield>
  </datafield>
  <datafield tag="653" ind1=" " ind2=" ">
   <subfield code="a">Sữa chữa- bảo trì</subfield>
  </datafield>
  <datafield tag="655" ind1=" " ind2=" ">
   <subfield code="a">Công nghệ Kỹ thuật ô tô</subfield>
  </datafield>
  <datafield tag="700" ind1="1" ind2=" ">
   <subfield code="a">Trần Thế San</subfield>
  </datafield>
  <datafield tag="942" ind1=" " ind2=" ">
   <subfield code="2">ddc</subfield>
   <subfield code="c">BK</subfield>
  </datafield>
  <datafield tag="952" ind1=" " ind2=" ">
   <subfield code="0">0</subfield>
   <subfield code="1">0</subfield>
   <subfield code="2">ddc</subfield>
   <subfield code="4">0</subfield>
   <subfield code="6">621_430000000000000_D513</subfield>
   <subfield code="7">0</subfield>
   <subfield code="9">2034</subfield>
   <subfield code="a">000001</subfield>
   <subfield code="b">000001</subfield>
   <subfield code="d">2017-10-25</subfield>
   <subfield code="o">621.43 D513</subfield>
   <subfield code="p">MD.01783</subfield>
   <subfield code="r">2017-10-25</subfield>
   <subfield code="v">120000.00</subfield>
   <subfield code="w">2017-10-25</subfield>
   <subfield code="y">BK</subfield>
  </datafield>
  <datafield tag="952" ind1=" " ind2=" ">
   <subfield code="0">0</subfield>
   <subfield code="1">0</subfield>
   <subfield code="2">ddc</subfield>
   <subfield code="4">0</subfield>
   <subfield code="6">621_430000000000000_D513</subfield>
   <subfield code="7">0</subfield>
   <subfield code="9">2035</subfield>
   <subfield code="a">000001</subfield>
   <subfield code="b">000001</subfield>
   <subfield code="d">2017-10-25</subfield>
   <subfield code="l">2</subfield>
   <subfield code="o">621.43 D513</subfield>
   <subfield code="p">MD.01784</subfield>
   <subfield code="r">2019-10-08</subfield>
   <subfield code="s">2019-09-19</subfield>
   <subfield code="v">120000.00</subfield>
   <subfield code="w">2017-10-25</subfield>
   <subfield code="y">BK</subfield>
  </datafield>
  <datafield tag="952" ind1=" " ind2=" ">
   <subfield code="0">0</subfield>
   <subfield code="1">0</subfield>
   <subfield code="2">ddc</subfield>
   <subfield code="4">0</subfield>
   <subfield code="6">621_430000000000000_D513</subfield>
   <subfield code="7">0</subfield>
   <subfield code="9">2036</subfield>
   <subfield code="a">000001</subfield>
   <subfield code="b">000001</subfield>
   <subfield code="d">2017-10-25</subfield>
   <subfield code="l">2</subfield>
   <subfield code="o">621.43 D513</subfield>
   <subfield code="p">MD.01786</subfield>
   <subfield code="r">2019-10-03</subfield>
   <subfield code="s">2019-10-03</subfield>
   <subfield code="v">120000.00</subfield>
   <subfield code="w">2017-10-25</subfield>
   <subfield code="y">BK</subfield>
  </datafield>
  <datafield tag="980" ind1=" " ind2=" ">
   <subfield code="a">Thư viện Trường Đại học Nam Cần Thơ</subfield>
  </datafield>
 </record>
</collection>
